Statistics for Text on flags

Click here to take the quiz!

General Stats

  • This quiz has been taken 22 times
  • The average score is 9 of 18

Answer Stats

HintHintAnswer% Correct
There is no God of God, Muhammad is the Messenger of GodArabicSaudi Arabia
95%
Order and ProgressPortugueseBrazil
86%
God is GreatArabicIran
71%
God is the greatestArabicIraq
71%
Plus UltraSpanishSpain
67%
Freedom is of september 1821SpanishGuatemala
57%
There is no God of God, Muhammad is the Messenger of GodArabicAfghanistan
52%
Republic of ... in Central America, God Union Liberty, 15 September 1821SpanishEl Salvador
48%
Arab Republic of ...ArabicEgypt
43%
Unity is strengthFrenchHaiti
43%
FreedomLatinSan Marino
43%
Under the shadow of the verdantLatinBelize
38%
Republic of ..., Peace and justiceSpanishParaguay
33%
God Homeland Freedom, ...SpanishDominican Republic
29%
For GallentryEnglishMalta
29%
The stronger the virtuesLatinAndorra
24%
Always render service with God's guidanceArabicBrunei
24%
unity peace justiceSpanishEquatorial Guinea
14%

Score Distribution

Percentile by Number Answered

Percent of People with Each Score

Your Score History

You have not taken this quiz